| 000 | 00876nam a2200241 a 4500 | ||
|---|---|---|---|
| 005 | 20250307063818.0 | ||
| 008 | 010616s1997 mx r 000 0 spa d | ||
| 020 | _a8485851935 | ||
| 035 | _aUPN01000108462 | ||
| 049 | _aCG | ||
| 050 | 4 |
_aLB1027.25 _bM4.7 no.30 |
|
| 100 | 1 | _aCerejido Samos, Inmaculada | |
| 245 | 1 | 0 |
_aPrograma de estrategias del pensamiento social y creativo : _b2a. parte del programa de pensamiento de calidad / _cInmaculada Cerejido Samos. |
| 260 |
_aMadrid : _bEOS, _c1997. |
||
| 300 |
_a122 p. : _bil. |
||
| 440 | 0 |
_aMétodo EOS ; _v30. _pPrograma de pensamiento de calidad |
|
| 500 | _a"Nivel óptimo: Secundaria, FP" | ||
| 500 | _a"Programa de estrategias del pensamiento social y creativo" | ||
| 650 | 4 |
_aProgramas de actividades en la educación _97928 |
|
| 650 | 4 |
_aPensamiento _95399 |
|
| 650 | 7 |
_aHablar en público _2 _9173 |
|
| 905 | _aLibro | ||
| 999 |
_c82374 _d82374 |
||